[Event "Reunion op 16th"]
[Site "St Denis"]
[Date "2014.10.23"]
[Round "7"]
[White "Triton, Maxime"]
[Black "Francou, Yvon"]
[Result "1/2-1/2"]
[WhiteElo "1450"]
[BlackElo "1670"]
[PlyCount "121"]
[EventDate "2014.10.18"]
[EventType "swiss"]
[EventRounds "9"]
[EventCountry "RUF"]
[SourceTitle "EXT 2015"]
[Source "ChessBase"]
[SourceDate "2014.11.20"]
[SourceVersion "1"]
[SourceVersionDate "2014.11.20"]
[SourceQuality "1"]

1. e4 e5 2. Nf3 Nc6 3. Bb5 a6 4. Ba4 Nf6 5. 0-0 b5 6. Bb3 Bc5 7. c3 d6 8. Re1 0-0 9. d4 Ba7 10. Bg5 Bg4 11. Bd5 Qd7 12. Bxf6 gxf6 13. dxe5 Bxf3 14. Qxf3 Nxe5 15. Qxf6 Ng4 16. Qg5+ Kh8 17. Rf1 Rg8 18. Qf4 Raf8 19. Nd2 Rg6 20. Nf3 Rf6 21. Qg3 Rg8 22. Qh3 Rh6 23. Nh4 Qe7 24. Nf5 Rxh3 25. Nxe7 Rg7 26. Nf5 Rg5 27. Nd4 Rh4 28. Nf3 Rxd5 29. exd5 Rh5 30. h3 Nf6 31. Rad1 Nxd5 32. Rfe1 Kg7 33. Re4 Nf6 34. Re7 Bb6 35. Nd4 Kf8 36. Re2 Nd7 37. Rde1 Ne5 38. Kh2 Nd3 39. Re8+ Kg7 40. R1e7 Nxf2 41. Ne6+ Kh6 42. Rxf7 Ng4+ 43. Kg3 Ne5 44. Rf6+ Ng6 45. Nf4 Rg5+ 46. Kf3 Kg7 47. Ree6 Ne5+ 48. Ke4 Nd7 49. Rf7+ Kxf7 50. Rh6 Nf6+ 51. Kf3 Rf5 52. Kg3 Ne4+ 53. Kf3 Nd2+ 54. Kg4 Rf6 55. Rxh7+ Ke8 56. Nd5 Rg6+ 57. Kf5 Rxg2 58. Nf6+ Kf8 59. Rh8+ Ke7 60. Rh7+ Kd8 61. Rh8+ 1/2-1/2